Stati del Commonwealth delle Nazioni per PIL (nominale) pro capite - Statistics

Statistiche generali
  • Questo quiz è stato fatto 6 volte
  • Il punteggio medio è 10 su 15
Statistiche sulle risposte
PIL nominale pro capite ($US) Continente Nazione % Corretto
55,707 Oceania Australia
100%
45,077 America del Nord Canada
100%
41,593 Oceania Nuova Zelanda
83%
42,557 Europa Regno Unito
83%
16,702 America del Nord Antigua e Barbuda
67%
31,255 America del Nord Bahamas
67%
24,976 Asia Cipro
67%
10,360 America del Nord Grenada
67%
27,250 Europa Malta
67%
16,296 America del Nord Saint Kitts e Nevis
67%
57,713 Asia Singapore
67%
15,769 America del Nord Trinidad e Tobago
67%
9,813 Asia Malaysia
50%
15,686 Africa Seychelles
50%
29,712 Asia Brunei
33%
Nessun quiz corrispondente trovato
Distribuzione punteggi
Percentuale di utenti per punteggio
Percentile per numero di risposta
I tuoi punteggi nel tempo
Non hai fatto questo quiz